Forza Horizon Quiz - Statistics

General Stats
  • This quiz has been taken 509 times
  • The average score is 6 of 15
Answer Stats
Hint Answer % Correct
Where is Horizon 3 set in? (Asia) Australia
87%
Where is Horizon 2 set in? (Europe) France
80%
Where is Horizon 1 set in? (US) Colorado
70%
How many barns are on Horizon 1 and 2? 10
58%
What is the top vehicle class rated at on Horizon 2? X
58%
How many barns are on Horizon 3? 16
53%
What is the name of the final race on every Horizon game? Goliath
42%
What is the top vehicle class rated at on Horizon 1? R1
26%
What institution created Horizon? Microsoft
20%
What is the name of the final 'boss' on Horizon 1? Darius Flynt
18%
What is the most expensive car on Horizon 1? Ferrari 250 GTO
17%
What is the fastest car on Horizon 1? Bugatti EB110
15%
What is the most expensive car priced at on Horizon 1? 10 Million
7%
What is the fastest DLC car on Horizon 1? Lamborghini Sesto Elemento
3%
What is the name of the expansion packs on both Horizon 1 and 2? Rally and Storm Island
2%
No matching quizzes found
Score Distribution
Percent of People with Each Score
Percentile by Number Answered
Your Score History
You have not taken this quiz